logo

Bir Sreshtho Munshi Abdur Rouf Library
Jhenaidah Cadet College

হিট রিফ্রেশ: (Record no. 11696)

MARC details
000 -LEADER
fixed length control field 00899nam a2200241 a 4500
001 - CONTROL NUMBER
JCCL Control Number 16696
003 - CONTROL NUMBER IDENTIFIER
JCCL marc code BD-JhCC
005 - DATE AND TIME OF LATEST TRANSACTION
control field 20200722122406.0
008 - FIXED-LENGTH DATA ELEMENTS--GENERAL INFORMATION
fixed length control field 200722b bg |||| ||a| 000 0 ben d
020 ## - INTERNATIONAL STANDARD BOOK NUMBER
International Standard Book Number 9789849318743
035 ## - SYSTEM CONTROL NUMBER
system control number (BD-JhCC)11696
040 ## - CATALOGING SOURCE
Original cataloging agency BD-JhCC
Modifying agency BD-JhCC
041 ## - LANGUAGE CODE
Language code of Book ben
082 ## - DEWEY DECIMAL CLASSIFICATION NUMBER
Classification number 338.7610
Author mark and Year NAD 2019
100 ## - MAIN ENTRY--PERSONAL NAME
Personal name নাদেলা, সত্য
245 ## - TITLE STATEMENT
Title হিট রিফ্রেশ:
Remainder of title মাইক্রোসফট যে কারণে আজকের মাইক্রোসফট /
Statement of responsibility, etc সত্য নাদেলা, অনু: কে পি ইমন ।
260 ## - PUBLICATION, DISTRIBUTION, ETC. (IMPRINT)
Place of publication, distribution, etc ঢাকা:
Name of publisher, distributor, etc নালন্দা;
Date of publication, distribution, etc ২০১৯.
300 ## - PHYSICAL DESCRIPTION
Pagination 199 p. :
Dimensions 22 cm.
650 ## - SUBJECT ADDED ENTRY--TOPICAL TERM
Topical term or geographic name as entry element Microsoft Corporation
General subdivision Organizational change
Chronological subdivision Corporate culture
Geographic subdivision Technological innovations
700 ## - ADDED ENTRY--PERSONAL NAME
Personal name ইমন, কে পি
942 ## - ADDED ENTRY ELEMENTS (KOHA)
Source of classification or shelving scheme Dewey Decimal Classification
Koha item type Books
Holdings
Source of classification or shelving scheme Damaged status Not for loan Home library Current library Shelving location Date of accession Cost, normal purchase price Total Checkouts Full call number Barcode Date last seen Copy number Koha item type
Dewey Decimal Classification     JCC Rouf Library JCC Rouf Library General Stacks 07/22/2020 281.00   338.7610 NAD 2019 15792 07/22/2020 C-1 Books

JCC Library | Contacts | JCC Home

Last Update on 23 September 2017
Copyright @ 2017-2020 JCC Rouf Library
Rouf Library, Jhenidah Cadet College (JCC), Bangladesh